A ile Başlayan Şarkılar - Statistics

General Stats
  • This quiz has been taken 4 times
  • The average score is 8 of 15
Answer Stats
Hint Answer % Correct
İp attım ucu galdı da
Darazda gücü galdı
İp attım ucu kaldı da
Darazda gücü galdı
Ankara'nın Bağları
100%
Kaç yıl oldu saymadım köyden göçeli
Mevsimler geldi geçti, görüşmeyeli
Hiç haber göndermedin o günden beri
Yoksa bana küstün mü? Unuttun mu beni?
Arkadaşım Eşşek
100%
Öpsem bebek gözlerinden, çok ağlatırlar
Sarsam seni kollarımdan, bir gün alırlar
Sevsem seni doyasıya yıpratırlar
Bir sürü kuru gürültü, parçalar sevgimizi ey kader
Böyle mi olmalı, solmalı sevgililer?
Arnavut Kaldırımı
100%
Yazık, çok yazık sensizlik
Yine kördüğüm oldum yine, kahretsin
Seni sordum dalgalara, martılara, sandallara
Kahroldum, sensizim
Alışamadım
75%
Dilerim ki mutlu ol sevgilim
Ben olmasam bile, hayat gülsün sana
Günahım boynunda
Ağlayan bir çift göz, bıraktın arkanda
Anlamazdın
75%
Rastlarsan gözleri yaşlı yavruna Suçunu bağışla, sarıl boynuna Biz bize yaşarken geldik oyuna Annem
75%
İşte ben böyle bir akşamda âşık oldum
İşte ben böyle bir akşamda âşık oldum
Âşık oldum, âşık oldum, âşık oldum, âşık oldum
Âşık oldum, âşık oldum, âşık oldum, âşık oldum
Akdeniz Akşamları
50%
Gözyaşım şarap olsa, gençliğim harap olsa
Her günüm azap olsa yine seni seveceğim
Gözyaşım şarap olsa, gençliğim harap olsa
Her günüm azap olsa yine seni seveceğim
Arım, Balım, Peteğim
50%
Ben kara gün dostu sanmıştım seni
En acı günlerde terk ettin beni
Bir derdin üstüne bin derdi kattın
Her zaman ağlattın şu gözlerimi
Her zaman ağlattın şu gözlerimi
Aşkımız Bitecek
50%
Bölünür sancıyla uykular
Sığınak değil en kuytular
Gökte ay on dört, ben dolunay
Son hatıranı sinene say
Bu kadarına razıyım yâr
Adı Bende Saklı
25%
Her damla yaş oyuk oyuk iz bırakır kalbimde
Her damla yaş oyuk oyuk iz bırakır kalbimde
Hayat şarap gibidir keder de var neşe de
Hayat şarap gibidir keder de var neşe de
Ağlama Değmez Hayat
25%
Nereye gider başını alıp, sorarsın?
Kim bilir, durmadan nasıl susarsın?
Bilmeden boşuna atıp tutarsın
Su gibi akıp geçer zaman
Aman Aman
25%
Keşke seni tanımamış
Keşke sevmemiş olsaydım
Zincire vurulmuş gibi ooof
Sana bağlı kalmasaydım
Aşkın Mapushane
25%
Sanki umrunda, belki de onunla Sevişiyor çılgınca Yine de kalbim hep onunla Sen benim masum biricik meleğim Aşk Oyunu
25%
Her sevincin her kederin
En ölumsüz sevgilerin
Sonsuz denen göklerin
Herşeyin bir sonu varsa
Anlasana
0%
No matching quizzes found
Score Distribution
Percent of People with Each Score
Percentile by Number Answered
Your Score History
You have not taken this quiz